000 00399nam a22001457a 4500
020 _a9788189866464
082 _a658.477
_bJAG/DI
100 _aJagbir, Singh
_91301
245 _aDisaster Management: Future Challenges and Opportunities
250 _a1
260 _aNew Delhi
_bI.K. International Publishing House Pvt. Ltd.
_c2007
300 _a351
700 _aJagbir, Singh
_91301
942 _cBBS
999 _c14737
_d14737